Fuel Cells : (Record no. 12106)
[ view plain ]
| 000 -LEADER | |
|---|---|
| fixed length control field | 01521cam a22003617a 4500 |
| 001 - CONTROL NUMBER | |
| control field | 14192105 |
| 005 - DATE AND TIME OF LATEST TRANSACTION | |
| control field | 20081015072720.0 |
| 008 - FIXED-LENGTH DATA ELEMENTS--GENERAL INFORMATION | |
| fixed length control field | 051207s2006 nyua b 001 0 eng d |
| 010 ## - LIBRARY OF CONGRESS CONTROL NUMBER | |
| LC control number | 2005938359 |
| 016 7# - NATIONAL BIBLIOGRAPHIC AGENCY CONTROL NUMBER | |
| Record control number | 977491544 |
| Source | GyFmDB |
| 020 ## - INTERNATIONAL STANDARD BOOK NUMBER | |
| International Standard Book Number | 0387251162 (hd. bd.) |
| 020 ## - INTERNATIONAL STANDARD BOOK NUMBER | |
| International Standard Book Number | 9780387251165 |
| 035 ## - SYSTEM CONTROL NUMBER | |
| System control number | (OCoLC)ocm70132444 |
| 035 ## - SYSTEM CONTROL NUMBER | |
| System control number | (OCoLC)70132444 |
| 040 ## - CATALOGING SOURCE | |
| Original cataloging agency | OHX |
| Transcribing agency | OHX |
| Modifying agency | KSU |
| -- | IXA |
| -- | YDXCP |
| -- | OCLCQ |
| -- | BAKER |
| -- | DLC |
| 042 ## - AUTHENTICATION CODE | |
| Authentication code | lccopycat |
| 050 00 - LIBRARY OF CONGRESS CALL NUMBER | |
| Classification number | TK2931 |
| Item number | .S75 2006 |
| 072 #7 - SUBJECT CATEGORY CODE | |
| Subject category code | TK |
| Source | lcco |
| 082 ## - DEWEY DECIMAL CLASSIFICATION NUMBER | |
| Edition number | 22 |
| Classification number | 621.312429 |
| Item number | SRI |
| 100 1# - MAIN ENTRY--PERSONAL NAME | |
| Personal name | Srinivasan, S. |
| Fuller form of name | (Supramaniam), |
| Dates associated with a name | 1932- |
| 9 (RLIN) | 7199 |
| 245 10 - TITLE STATEMENT | |
| Title | Fuel Cells : |
| Remainder of title | From Fundamentals to Applications / |
| Statement of responsibility, etc | Supramaniam Srinivasan. |
| 260 ## - PUBLICATION, DISTRIBUTION, ETC. (IMPRINT) | |
| Place of publication, distribution, etc | New York : |
| Name of publisher, distributor, etc | Springer, |
| Date of publication, distribution, etc | c2006. |
| 300 ## - PHYSICAL DESCRIPTION | |
| Extent | xxx, 691 p. : |
| Other physical details | ill. ; |
| Dimensions | 25 cm. |
| 504 ## - BIBLIOGRAPHY, ETC. NOTE | |
| Bibliography, etc | Includes bibliographical references and index. |
| 650 #0 - SUBJECT ADDED ENTRY--TOPICAL TERM | |
| Topical term or geographic name as entry element | Fuel cells |
| General subdivision | Textbooks. |
| 9 (RLIN) | 7200 |
| 650 #0 - SUBJECT ADDED ENTRY--TOPICAL TERM | |
| Topical term or geographic name as entry element | Electrochemistry |
| General subdivision | Textbooks. |
| 9 (RLIN) | 7201 |
| 856 42 - ELECTRONIC LOCATION AND ACCESS | |
| Materials specified | Publisher description |
| Uniform Resource Identifier | <a href="http://www.loc.gov/catdir/enhancements/fy0663/2005938359-d.html">http://www.loc.gov/catdir/enhancements/fy0663/2005938359-d.html</a> |
| 856 41 - ELECTRONIC LOCATION AND ACCESS | |
| Materials specified | Table of contents only |
| Uniform Resource Identifier | <a href="http://www.loc.gov/catdir/enhancements/fy0824/2005938359-t.html">http://www.loc.gov/catdir/enhancements/fy0824/2005938359-t.html</a> |
| 942 ## - ADDED ENTRY ELEMENTS (KOHA) | |
| Source of classification or shelving scheme | Dewey Decimal Classification |
| Item type | Book - Borrowing |
| Withdrawn status | Item status | Source of classification or shelving scheme | Damaged status | Not for loan | Vendor | Home library | Current library | Shelving location | Date acquired | Source of acquisition | Cost, normal purchase price | Serial Enumeration / chronology | Total Checkouts | Total Renewals | Full call number | Barcode | Date last seen | Date last borrowed | Koha item type |
|---|---|---|---|---|---|---|---|---|---|---|---|---|---|---|---|---|---|---|---|
| Dewey Decimal Classification | Alahram | Central Library | Central Library | First floor | 29/06/2009 | 616.00 | 380 | 2 | 25 | 621.312429 SRI | 000016917 | 15/07/2025 | 01/11/2012 | Book - Borrowing |